000 00323nam a2200145Ia 4500
100 _aSchildt/ & others
490 _vII
942 _cBK
654 _aComputer
245 _aOsborne Windows Programming Series Vol 2
260 _bOsborne
_aNew York
_c1994
082 _a5.13
_bPAN
546 _aENGLISH
999 _c18898
_d18898